B12 バス停名クイズ - 大阪シティバス ver. - Statistics

General Stats
  • This quiz has been taken 8 times
    5 since last reset
  • The average score is 24 of 990
Answer Stats
Answer % Correct
守口車庫前
100%
相川駅前
50%
安治川トンネル前
50%
あみだ池
50%
井高野車庫前
50%
梅田新道
50%
大阪駅前
50%
京橋駅前
50%
心斎橋
50%
十三
50%
住道矢田
50%
千林
50%
高殿
50%
地下鉄あびこ
50%
地下鉄今里
50%
地下鉄今福鶴見
50%
地下鉄新深江
50%
地下鉄関目成育
50%
地下鉄だいどう豊里
50%
地下鉄動物園前
50%
地下鉄中津
50%
地下鉄長居
50%
地下鉄平野
50%
塚本駅前
50%
鶴橋駅前
50%
鶴町一丁目
50%
鶴町二丁目
50%
鶴町三丁目
50%
鶴町四丁目
50%
鶴見
50%
鶴見緑地公園前
50%
天保山
50%
天保山ハーバービレッジ
50%
天満橋
50%
出戸バスターミナル
50%
酉島
50%
酉島車庫前
50%
中津
50%
なんば
50%
西九条
50%
西中島
50%
寝屋川大橋
50%
野田
50%
深江
50%
福町
50%
本町
50%
淀屋橋
50%
赤川一丁目
0%
赤川三丁目
0%
赤手拭稲荷前
0%
浅香
0%
浅香中央公園前
0%
浅香東住宅前
0%
浅香山通
0%
旭二丁目
0%
旭区民センター
0%
旭区役所
0%
旭警察署
0%
朝日橋
0%
芦原橋駅前
0%
安治川一丁目
0%
安治川大橋
0%
安治川口駅前
0%
我孫子三丁目
0%
あびこ大橋北詰
0%
我孫子道
0%
あべの区役所前
0%
阿倍野筋四丁目
0%
阿倍野筋五丁目
0%
あべの橋
0%
あべの橋西
0%
天津橋
0%
アミティ舞洲
0%
淡路二丁目
0%
淡路三丁目
0%
淡路四丁目
0%
淡路五丁目
0%
安立一丁目
0%
猪飼野橋
0%
生江
0%
生江一丁目
0%
生國魂神社
0%
生玉寺町
0%
生野区役所
0%
生野消防署前
0%
生野中央病院
0%
生野八坂神社前
0%
育和公園前
0%
育和小学校前
0%
池島住宅
0%
池島南住宅
0%
泉尾一丁目
0%
泉尾二丁目西
0%
泉尾三丁目
0%
泉尾四丁目
0%
泉一丁目
0%
磯路三丁目
0%
磯路二丁目
0%
井高野小学校前
0%
井高野南口
0%
立売堀一丁目
0%
立売堀二丁目
0%
立売堀三丁目
0%
市岡
0%
市岡元町
0%
今池駅前
0%
今市
0%
今市一丁目
0%
今川二丁目
0%
今川八丁目
0%
今津中三丁目
0%
今津橋
0%
今津比枝神社前
0%
今津諸口橋
0%
今林東部市場前
0%
今福大橋
0%
今福鶴見南
0%
今福西四丁目
0%
今福西六丁目
0%
今福東二丁目
0%
今福東三丁目
0%
今宮工高前
0%
上住吉
0%
上本町一丁目
0%
上本町四丁目
0%
上本町六丁目
0%
上本町六丁目東
0%
上本町六丁目南
0%
上本町七丁目北
0%
上本町八丁目
0%
上本町九丁目
0%
浮島橋
0%
歌島一丁目
0%
歌島二丁目
0%
歌島三丁目
0%
歌島橋
0%
内代町
0%
靱本町一丁目
0%
瓜破
0%
瓜破六丁目
0%
瓜破小学校前
0%
瓜破神社前
0%
瓜破中学校前
0%
瓜破西
0%
瓜破西一丁目
0%
瓜破東八丁目
0%
瓜破東口
0%
瓜破南
0%
瓜破霊園前
0%
永楽橋筋
0%
恵我小学校
0%
江口君堂前
0%
江口橋
0%
榎木橋
0%
海老江
0%
戎島
0%
戎橋
0%
扇町
0%
王子町
0%
大池中学校前
0%
大池橋
0%
大江橋
0%
大阪けいさつ病院
0%
大阪経大正門
0%
大阪経大前
0%
大阪公立大学
0%
大阪公立大学附属病院
0%
大阪城大手前
0%
大阪福島税務署
0%
大阪福島郵便局
0%
大浪橋
0%
大浪橋東詰
0%
大野
0%
大宮一丁目
0%
大宮小学校前
0%
大淀中一丁目
0%
大淀中二丁目
0%
大淀中三丁目
0%
大淀中四丁目
0%
大淀中五丁目
0%
大淀南一丁目
0%
大和田
0%
大和田一丁目
0%
大和田三丁目
0%
大和田三丁目北
0%
大和田四丁目
0%
大和田五丁目
0%
岡崎橋
0%
小橋町
0%
おりおの五丁目
0%
おりおの橋
0%
回生橋
0%
加島
0%
加島駅前
0%
加島中
0%
加島西
0%
加島東
0%
春日出
0%
春日出中一丁目
0%
春日出南二丁目
0%
片町
0%
勝山一丁目
0%
勝山四丁目
0%
勝山北一丁目
0%
勝山住宅
0%
加美
0%
上海老江
0%
加美北三丁目
0%
加美北四丁目
0%
加美北五丁目
0%
加美北八丁目
0%
加美北幼稚園前
0%
加美鞍作三丁目
0%
加美正覚寺
0%
加美正覚寺二丁目
0%
加美正覚寺住宅前
0%
加美小学校前
0%
上新庄
0%
上新庄駅北口
0%
上新庄駅前
0%
神路
0%
神路大橋
0%
神路公園
0%
加美長沢住宅前
0%
加美東一丁目
0%
加美東三丁目
0%
加美東三丁目北
0%
加美南二丁目
0%
加美南三丁目
0%
加美南四丁目
0%
加美南五丁目
0%
加美南南口
0%
かもめ大橋東詰
0%
空清町
0%
苅田
0%
苅田三丁目
0%
苅田小学校前
0%
川北小学校前
0%
川口一丁目
0%
蒲生三丁目
0%
蒲生桜小橋
0%
木川栄橋
0%
木川西二丁目
0%
木川東二丁目
0%
木川東四丁目
0%
北江口
0%
北江口二丁目
0%
北江口住宅前
0%
北恩加島
0%
北加賀屋
0%
北久宝寺町
0%
北公園前
0%
北島一丁目
0%
北島二丁目
0%
北巽小学校前
0%
北巽バスターミナル
0%
北田辺二丁目
0%
北津守
0%
北津守四丁目
0%
北出戸
0%
北中島小学校前
0%
北野高校前
0%
北之町公園前
0%
北浜二丁目
0%
北畠公園前
0%
北深江
0%
北堀江一丁目
0%
北堀江二丁目
0%
教育センター附属高校
0%
京橋駅南口
0%
京橋北口
0%
京町堀
0%
京町堀一丁目
0%
京町堀二丁目
0%
旭東中学校前
0%
旭陽中学校前
0%
喜連住宅前
0%
喜連西池前
0%
喜連西口
0%
喜連西住道矢田
0%
喜連東一丁目
0%
喜連東三丁目
0%
喜連東口
0%
九条新道
0%
百済
0%
柴島
0%
柴島駅淀川キリスト教病院前
0%
国津橋
0%
杭全
0%
桑津北口
0%
桑津西口
0%
桑津東口
0%
桑津南口
0%
京阪東口
0%
毛馬中央公園
0%
毛馬町二丁目
0%
毛馬橋
0%
源ケ橋
0%
源八橋
0%
公園南矢田四丁目
0%
港晴
0%
港南中学校前
0%
高野大橋
0%
国分町
0%
国立病院大阪医療センター
0%
コスモスクエア駅前
0%
コスモスクエア南
0%
此花朝日橋
0%
此花大橋西詰
0%
此花区役所
0%
粉浜
0%
小林
0%
小林公園前
0%
小林東一丁目
0%
駒川
0%
極楽橋
0%
五条公園
0%
細工谷
0%
済生会泉尾病院前
0%
済生会病院前
0%
幸町一丁目
0%
幸町三丁目
0%
堺駅西口
0%
境川
0%
鷺洲
0%
鷺洲六丁目
0%
桜島二丁目東
0%
桜島三丁目
0%
桜島駅前
0%
桜宮高校
0%
桜の宮橋
0%
桜橋
0%
真田山
0%
佐野屋橋
0%
沢の町
0%
三休橋
0%
三軒家
0%
三軒家東四丁目
0%
三泉市場通
0%
三宝
0%
三本松
0%
三明町一丁目
0%
三明町二丁目
0%
三稜中学校
0%
塩草
0%
汐干橋
0%
四貫島二丁目
0%
新喜多二丁目
0%
新喜多大橋
0%
新喜多東
0%
新喜多東二丁目
0%
鴫野
0%
鴫野駅前
0%
鴫野西一丁目
0%
鴫野西三丁目
0%
下寺町
0%
四天王寺東大門前
0%
四天王寺前夕陽ケ丘
0%
信濃橋
0%
柴谷二丁目
0%
柴谷橋西詰
0%
島屋
0%
島屋橋
0%
清水二丁目
0%
清水五丁目
0%
清水小学校前
0%
清水谷高校前
0%
清水谷町
0%
下新庄
0%
下新庄四丁目
0%
下新庄五丁目
0%
下新庄駅西口
0%
下新庄公園北口
0%
舎利寺
0%
昌運橋
0%
小路一丁目
0%
小路東二丁目
0%
小路東四丁目
0%
小路東五丁目
0%
小路東六丁目
0%
食品ふ頭前
0%
白髪橋
0%
白鷺公園前
0%
城北公園前
0%
城見一丁目
0%
新今里
0%
新今里三丁目
0%
新今里公園前
0%
新今宮駅前
0%
新大阪駅北口
0%
新大阪駅東口
0%
新北島一丁目
0%
新北島四丁目
0%
新北島五丁目
0%
新北島八丁目
0%
新北島西公園前
0%
新北野三丁目
0%
新北野中学校前
0%
心斎橋筋一丁目
0%
新巽中学校前
0%
新千歳
0%
新町橋
0%
新森二丁目
0%
新森七丁目
0%
新森公園前
0%
十三駅東口
0%
十三北
0%
十三市民病院
0%
十三小学校前
0%
十三元今里
0%
十八条一丁目
0%
浄正橋
0%
城東区役所前
0%
菅原
0%
菅原二丁目
0%
杉本一丁目
0%
杉本町駅前
0%
墨江一丁目
0%
住之江駅筋
0%
住之江区役所前
0%
住之江郵便局前
0%
住吉区役所区民センター
0%
住吉公園
0%
住吉車庫前
0%
菫市場前
0%
すみれ北
0%
諏訪二丁目
0%
諏訪三丁目
0%
諏訪四丁目
0%
諏訪小学校
0%
諏訪神社前
0%
諏訪東
0%
住道矢田北口
0%
瑞光二丁目
0%
瑞光四丁目
0%
成育二丁目
0%
成育三丁目
0%
関目一丁目
0%
関目二丁目
0%
関目二丁目南
0%
関目三丁目
0%
関目四丁目
0%
関目六丁目
0%
関目保育所前
0%
背戸口四丁目
0%
センイシティー前
0%
センイシティー南
0%
千躰
0%
千本北二丁目
0%
千本中二丁目
0%
千本松橋西詰
0%
総合医療センター前
0%
曽根崎警察署
0%
造船所通
0%
大正区役所前
0%
大正橋
0%
太融寺町
0%
鷹合四丁目
0%
鷹合団地北
0%
鷹合団地前
0%
高井田
0%
高倉町一丁目
0%
高倉町二丁目
0%
高倉町三丁目
0%
高殿二丁目
0%
高殿七丁目
0%
高見一丁目
0%
高見一丁目北
0%
高見一丁目中
0%
高見二丁目
0%
高見三丁目
0%
高見小学校前
0%
宝橋通
0%
田川通
0%
滝井
0%
竹島二丁目
0%
竹島三丁目
0%
竹島五丁目
0%
田島南小中一貫校
0%
田島三丁目
0%
田島五丁目
0%
田島六丁目
0%
橘三丁目
0%
巽北一丁目
0%
巽北一丁目北
0%
巽北二丁目
0%
巽北三丁目
0%
巽北三丁目東
0%
巽中学校前
0%
巽中一丁目
0%
巽西四丁目
0%
辰巳橋
0%
巽東二丁目
0%
巽南五丁目
0%
立葉
0%
谷町六丁目
0%
谷町九丁目
0%
玉江橋
0%
玉造
0%
玉出西一丁目
0%
玉船橋
0%
田蓑橋
0%
第一突堤前
0%
第二突堤前
0%
第三突堤前
0%
大運橋通
0%
大東町
0%
大東町一丁目
0%
大東町三丁目
0%
大桐一丁目
0%
大桐二丁目
0%
大道二丁目
0%
地下鉄朝潮橋
0%
地下鉄井高野
0%
地下鉄大阪港
0%
地下鉄門真南
0%
地下鉄蒲生四丁目
0%
地下鉄北加賀屋
0%
地下鉄北巽
0%
地下鉄喜連瓜破
0%
地下鉄駒川中野
0%
地下鉄桜川
0%
地下鉄小路
0%
地下鉄新森古市
0%
地下鉄住之江公園
0%
地下鉄瑞光四丁目
0%
地下鉄太子橋今市
0%
地下鉄玉川
0%
地下鉄玉出
0%
地下鉄出戸
0%
地下鉄西田辺
0%
地下鉄西中島南方
0%
地下鉄西長堀
0%
地下鉄野江内代
0%
地下鉄花園町
0%
地下鉄深江橋
0%
地下鉄緑橋
0%
地下鉄南巽
0%
地下鉄都島
0%
地下鉄横堤
0%
千島
0%
千島公園前
0%
千島団地前
0%
築港一丁目
0%
築港中学校
0%
千鳥橋
0%
千舟一丁目
0%
千舟橋
0%
中央市場前
0%
中央中学校前
0%
千代崎橋
0%
塚本二丁目
0%
塚本駅北口
0%
塚本小学校前
0%
0%
佃三丁目
0%
佃五丁目
0%
佃六丁目
0%
常吉一丁目
0%
常吉一丁目西
0%
常吉二丁目企業団地前
0%
常吉二丁目東口企業団地前
0%
常吉臨港緑地
0%
津守神社前
0%
鶴橋二丁目
0%
鶴町四丁目北
0%
鶴町南公園
0%
鶴見五丁目
0%
鶴見六丁目
0%
鶴見区役所前
0%
鶴見商業高校前
0%
鶴見西口
0%
鶴見橋商店街
0%
鶴見橋通
0%
鶴見緑地西
0%
鉄道病院
0%
帝塚山中一丁目
0%
寺田町
0%
寺田町駅前
0%
寺町通り
0%
照ケ丘矢田
0%
天下茶屋北二丁目
0%
天神橋
0%
天神橋五丁目
0%
天神橋六丁目
0%
天神橋八丁目
0%
天王寺区民センター
0%
天王寺区役所
0%
天王寺警察署前
0%
天王寺西門前
0%
天王寺スポーツセンター
0%
天王寺町南一丁目
0%
天王寺町南二丁目
0%
天王田公園
0%
出入橋
0%
出来島
0%
出来島一丁目
0%
出来島駅前
0%
出来島大橋
0%
出戸南口
0%
伝法
0%
伝法一丁目
0%
徳庵駅口
0%
土佐堀一丁目
0%
土佐堀二丁目
0%
土佐堀三丁目
0%
殿辻
0%
豊崎北
0%
豊崎神社前
0%
豊里
0%
豊里六丁目
0%
豊里小学校前
0%
豊里団地西口
0%
豊里団地前
0%
酉島二丁目
0%
酉島五丁目
0%
酉島六丁目
0%
酉島小学校
0%
酉島住宅前
0%
トレードセンター前
0%
ドーム前千代崎
0%
堂島
0%
堂島大橋
0%
堂島大橋北詰
0%
道頓堀橋
0%
道修町
0%
中海老江
0%
中加賀屋一丁目
0%
中加賀屋二丁目
0%
中川二丁目
0%
中川西公園前
0%
中桑津
0%
中島一丁目
0%
中島二丁目
0%
中島二丁目中
0%
中島二丁目東
0%
中島川西
0%
中島川東
0%
中島公園
0%
中島新橋
0%
中島西
0%
中津六丁目
0%
中出戸
0%
中之島四丁目
0%
中野中学校前
0%
中野町三丁目
0%
中野町四丁目
0%
中浜
0%
中開一丁目
0%
中開三丁目
0%
中船町
0%
中道
0%
中宮
0%
中本四丁目
0%
長居公園北口
0%
長居公園東口
0%
長居公園南口
0%
長居西二丁目
0%
長居東
0%
長居東一丁目
0%
長居東二丁目
0%
長居幼稚園前
0%
長橋二丁目
0%
長原
0%
長原北口
0%
長原東第四住宅前
0%
長原南口
0%
長堀橋
0%
長吉川辺一丁目
0%
長吉川辺二丁目
0%
長吉川辺四丁目
0%
長吉高校前
0%
長吉小学校前
0%
長吉城山
0%
長吉中学校前
0%
長吉出戸小学校前
0%
長吉出戸住宅前
0%
長吉長原
0%
長吉長原西二丁目
0%
長吉長原西三丁目
0%
長吉長原西四丁目
0%
長吉長原東三丁目
0%
長吉六反
0%
長吉六反三丁目
0%
長柄国分寺
0%
長柄西
0%
長柄橋北詰
0%
長柄橋南詰
0%
長柄東
0%
流町
0%
浪速西三丁目
0%
浪速西四丁目
0%
浪速東一丁目
0%
浪速東二丁目
0%
鯰江東小学校前
0%
波除第二住宅前
0%
南港大橋北詰
0%
南港北一丁目
0%
南港税関前
0%
南港中央公園
0%
南港中央公園北
0%
南港東五丁目
0%
南港東六丁目
0%
南港南
0%
南港南三丁目
0%
南港南四丁目
0%
南港南六丁目
0%
難波中学校前
0%
新高野中北一丁目
0%
新高野中北二丁目
0%
賑橋
0%
西淡路五丁目
0%
西大橋
0%
西加賀屋三丁目
0%
西加賀屋四丁目
0%
西春日出
0%
西島屋
0%
西住之江
0%
西田辺町二丁目
0%
西天満
0%
西出戸
0%
西中島一丁目
0%
西中島五丁目
0%
西中島六丁目
0%
西成区老人福祉センター
0%
西成障害者会館
0%
西船町
0%
西三国二丁目
0%
西三国三丁目
0%
西三国小学校
0%
西宮原二丁目
0%
西淀川区民ホール
0%
西淀川警察署前
0%
西淀川消防署前
0%
西淀中学校前
0%
日本橋一丁目
0%
野里
0%
野田六丁目
0%
野田中学校前
0%
野田阪神前
0%
野中北一丁目
0%
野中南二丁目
0%
鳩ヶ瀬会館
0%
花川
0%
放出住宅前
0%
放出西一丁目
0%
放出西三丁目
0%
放出東二丁目
0%
花博記念公園北口
0%
0%
浜三丁目
0%
浜四丁目
0%
浜口
0%
浜口西三丁目
0%
林寺一丁目
0%
林寺三丁目
0%
針中野一丁目
0%
播磨町
0%
播磨町一丁目
0%
播磨町三丁目
0%
汎愛高校前
0%
阪急崇禅寺駅前
0%
阪神九条
0%
阪南団地前
0%
阪南町五丁目
0%
阪南町六丁目
0%
阪南町七丁目
0%
梅香
0%
梅香三丁目
0%
梅南二丁目
0%
梅南三丁目
0%
万代東二丁目
0%
馬場町
0%
東淡路一丁目
0%
東今里三丁目
0%
東小橋
0%
東加賀屋一丁目
0%
東粉浜一丁目
0%
東島屋
0%
東住吉区役所前
0%
東田辺三丁目
0%
東天満
0%
東中島一丁目
0%
東中島二丁目
0%
東中島三丁目
0%
東中島四丁目北
0%
東中浜一丁目
0%
東中浜公園
0%
東中本二丁目
0%
東中本三丁目
0%
東長居住宅前
0%
東野田
0%
東船町
0%
東三国井有
0%
東諸口
0%
東淀川駅前
0%
東淀川区役所前
0%
東淀川郵便局前
0%
東淀工業高校前
0%
東淀中学校前
0%
肥後橋
0%
日之出住宅前
0%
姫島
0%
姫島五丁目
0%
姫島駅前
0%
姫松
0%
姫松橋
0%
平尾
0%
平尾一丁目
0%
平野区役所前
0%
平野公園前
0%
平野スポーツセンター
0%
平野西一丁目
0%
平野西四丁目
0%
平野西六丁目
0%
平野西口
0%
平野馬場一丁目
0%
平野馬場二丁目
0%
平野東一丁目
0%
平野東二丁目
0%
平野東住宅前
0%
平野南口
0%
平野宮前
0%
平野宮町二丁目
0%
平林四号池
0%
平林駅前
0%
平林大橋西詰
0%
平林北一丁目
0%
美章園
0%
フェリーターミナル駅前
0%
福栄橋
0%
福崎一丁目
0%
福崎二丁目
0%
福崎三丁目
0%
福島六丁目
0%
福島七丁目
0%
福島八丁目
0%
福島区役所前
0%
福島西通
0%
福町三丁目
0%
布施駅前
0%
船津橋
0%
舟橋町
0%
府立総合医療センター
0%
府立夕陽丘高校
0%
古市一丁目
0%
古市二丁目
0%
古市三丁目
0%
弁天二丁目
0%
弁天町駅前
0%
弁天ふ頭
0%
豊新一丁目
0%
豊新二丁目
0%
豊新三丁目
0%
豊新四丁目
0%
北港一丁目
0%
北港大橋
0%
北港ヨットハーバー
0%
堀川小学校前
0%
本庄西二丁目
0%
本田一丁目
0%
本田三丁目
0%
ポートタウン東駅前
0%
舞洲スポーツアイランド
0%
舞洲中央
0%
舞洲東
0%
舞洲緑地前
0%
茨田大宮
0%
茨田大宮第二住宅前
0%
茨田大宮中
0%
茨田大宮南
0%
茨田東小学校前
0%
松島公園前
0%
まつば小学校
0%
松虫
0%
松屋
0%
松屋町
0%
三国駅前
0%
三国本町
0%
三先
0%
御崎一丁目
0%
三先二丁目
0%
御崎三丁目
0%
御崎四丁目
0%
三ツ島南
0%
三津屋
0%
三津屋公園
0%
三津屋小学校
0%
三津屋中一丁目
0%
御幣島二丁目
0%
御幣島五丁目
0%
御幣島駅
0%
御幣島公園
0%
御幣島住宅前
0%
緑一丁目
0%
緑一丁目中
0%
緑三丁目
0%
緑四丁目
0%
緑木一丁目
0%
港入舟郵便局
0%
港区役所前
0%
港田中郵便局
0%
南泉尾
0%
南市岡
0%
南恩加島
0%
南恩加島一丁目
0%
南恩加島東
0%
南加賀屋
0%
南加賀屋四丁目
0%
南河堀町
0%
南粉浜
0%
南住吉
0%
南住吉一丁目
0%
南住吉一丁目東
0%
南住吉二丁目
0%
南住吉三丁目
0%
南住吉住宅前
0%
南田辺
0%
南津守
0%
南津守一丁目
0%
南津守二丁目
0%
南津守四丁目
0%
南長居
0%
南深江
0%
南森町
0%
見本市会場東口
0%
三宅中
0%
都島区役所前
0%
都島中通
0%
都島中通二丁目
0%
都島中通三丁目
0%
都島橋
0%
都島本通一丁目
0%
都島本通四丁目
0%
都島本通五丁目
0%
宮原四丁目
0%
宮原五丁目
0%
御幸町一丁目
0%
御幸町二丁目
0%
御幸通
0%
桃谷駅筋
0%
桃谷駅前
0%
桃谷中学校
0%
森小路
0%
諸口
0%
諸口一丁目
0%
諸口二丁目
0%
諸口四丁目
0%
諸口四丁目北
0%
焼野
0%
焼野一丁目
0%
安田
0%
矢田一丁目公園南
0%
矢田行基大橋
0%
やたなか小中一貫校
0%
八幡屋
0%
八幡屋三丁目
0%
八幡屋四丁目
0%
山坂三丁目
0%
山之内一丁目
0%
山之内三丁目
0%
山之内四丁目
0%
夕凪
0%
夕凪二丁目
0%
湯里二丁目
0%
湯里五丁目
0%
湯里六丁目
0%
横堤
0%
よさみ神社前
0%
吉野
0%
吉野二丁目
0%
四ツ橋
0%
淀川区役所
0%
淀川警察署前
0%
淀川小学校
0%
淀川清流高校
0%
淀中学校前
0%
両国橋
0%
六反一丁目
0%
六反北口
0%
六反西口
0%
六反東公園
0%
六反東住宅前
0%
六反南口
0%
渡辺橋
0%
JRあびこ町駅
0%
JR長居駅前
0%
JR難波駅前
0%
JR平野駅
0%
JR平野駅筋
0%
No matching quizzes found
Score Distribution
Percent of People with Each Score
Percentile by Number Answered
Your Score History
You have not taken this quiz since the last reset